000 00432nam a2200157 i 4500
001 52072
003 ES-MaACL
005 20230906162514.0
007 t|
008 030825s1955 ag ||||1| spa d
100 1 _aCholvis, Francisco.
_938601
245 1 3 _aEl balance general /
_cFrancisco Cholvis.
260 _aBuenos Aires :
_bPrometeo,
_c1955 (
_fMacland)
300 _a286 p. ;
_c23 cm.
852 _aES-MaACL
_jC-11284
_bR.39526
999 _c52072
_d52072